Giáo trình tin học đại cương

שמור ב:
מידע ביבליוגרפי
מחבר ראשי: Phạm Hữu Khiêm
פורמט: ספר
שפה:Undetermined
יצא לאור: Tp. HCM ĐHQG 2002
נושאים:
תגים: הוספת תג
אין תגיות, היה/י הראשונ/ה לתייג את הרשומה!
Thư viện lưu trữ: Trung tâm Học liệu Trường Đại học Cần Thơ
LEADER 00577nam a2200181Ia 4500
001 CTU_54824
008 210402s9999 xx 000 0 und d
020 |b 16500 
082 |a 004.07 
082 |b Kh304 
100 |a Phạm Hữu Khiêm 
245 0 |a Giáo trình tin học đại cương 
245 0 |c Phạm Hữu Khiêm 
260 |a Tp. HCM 
260 |b ĐHQG 
260 |c 2002 
650 |a information storage and retrieval,electronic data processing,programming language ( electronic computers ) 
980 |a Trung tâm Học liệu Trường Đại học Cần Thơ